Systema Philosophiae fundamentalis sive Logica - Metaphysica

Bibliographic Details
Main Author: Prunyi, Josepho (Author)
Format: Book
Language:Undetermined
PhysicalDescription:225, 274 s.
Published: Tyrnavia Typis Joannis Bapt. Jelinek 1823

MARC

LEADER 00000nam a2200000 a 4500
001 vtls001417889
003 SK-MaSNL
005 20260301012711.0
008 240315s1957 xx 0 und
035 |a SNK000372682 
040 |a SNK  |b slo  |c SNK  |e AACR2 
100 1 |a Prunyi, Josepho  |4 aut  |9 298165 
245 1 |a Systema Philosophiae fundamentalis  |n sive Logica - Metaphysica 
260 |a Tyrnavia  |b Typis Joannis Bapt. Jelinek  |c 1823 
300 |a 225, 274 s. 
999 |c 554182  |d 556112 
952 |a SNK  |b SNK  |y PREZ  |7 1  |p 17A0500396  |o snkSC 549/1-2 D1  |i snkKSF 656/56  |8 5  |3 rekatalogizácia  |0 0  |1 0  |4 0  |d 2006-03-07  |l 0  |r 2026-02-23 13:20:14  |w 2026-02-23 
952 |a SNK  |b SNK  |y PREZ  |7 1  |p 17A0500395  |o snkSC 549/1 D2  |i snkF 2627/67  |8 5  |3 rekatalogizácia  |z časť Logica  |0 0  |1 0  |4 0  |d 2006-03-07  |l 0  |r 2026-02-23 13:20:14  |w 2026-02-23 
952 |a SNK  |b SNK  |y PREZ  |7 1  |p 17A0500393  |o snkSC 549/2 D3  |i snkF 3109/67  |8 5  |3 rekatalogizácia  |z časť Metaphysica  |0 0  |1 0  |4 0  |d 2006-03-07  |l 0  |r 2026-02-23 13:20:14  |w 2026-02-23